Отчет ... за 1903-1905 гг.: Общая часть | Госпитальная деятельность Больницы | Огнестрельные и другие повреждения за декабрь 1905 года | Сметы за 1903-1905 гг. (Запись № 5533845)

Подробности
000 -МАРКЕР
контрольное поле 01891nam2a22003011 4500
001 - ИДЕНТИФИКАТОР ЗАПИСИ
контрольное поле v19\rc\1818255
005 - ИДЕНТИФИКАТОР ВЕРСИИ
контрольное поле 20250619132351.0
035 ## - ДРУГИЕ СИСТЕМНЫЕ НОМЕРА
Идентификатор записи (NLR Aleph) 004916635
100 ## - ДАННЫЕ ОБЩЕЙ ОБРАБОТКИ
Данные общей обработки 20071224d19071897|||y0rusy50 ca
101 0# - ЯЗЫК РЕСУРСА
Язык текста, звукозаписи и т.д. русский
102 ## - СТРАНА ПУБЛИКАЦИИ ИЛИ ПРОИЗВОДСТВА
Страна публикации Российская Федерация
105 ## - ПОЛЕ КОДИРОВАННЫХ ДАННЫХ: ТЕКСТОВЫЕ МАТЕРИАЛЫ, МОНОГРАФИЧЕСКИЕ
Кодированные данные о монографическом текстовом документе y z |||||
200 1# - ЗАГЛАВИЕ И СВЕДЕНИЯ ОБ ОТВЕТСТВЕННОСТИ
Основное заглавие Общая часть
-- Госпитальная деятельность Больницы
-- Огнестрельные и другие повреждения за декабрь 1905 года
-- Сметы за 1903-1905 гг.
210 ## - ПУБЛИКАЦИЯ, РАСПРОСТРАНЕНИЕ И ДР.
Дата издания, распространения и т.д. 1907
Место издания, распространения и т.д. Б. м.
215 ## - ФИЗИЧЕСКАЯ ХАРАКТЕРИСТИКА
Специфическое обозначение материала и объем 15 с.
300 ## - ОБЩИЕ ПРИМЕЧАНИЯ
Текст примечания Перед загл. сост.: Д.Е. Горохов
311 ## - ПРИМЕЧАНИЯ, ОТНОСЯЩИЕСЯ К ПОЛЯМ СВЯЗИ (ПРИМЕЧАНИЯ О СВЯЗИ С ДРУГИМИ ПРОИЗВЕДЕНИЯМИ (ИЗДАНИЯМИ))
Текст примечания Отд. отт. из "Мед. отчета Моск. Софийской дет. б-цы за 1897-1905 гг." Вып. 1
461 #0 - УРОВЕНЬ НАБОРА
Встроенное поле 001v19\rc\1818254
-- 2001#$aОтчет ...$vза 1903-1905 гг.
Системный номер (АБИС) связанной записи 5533839
Автор Московская Софийская детская больница
Место публикации Москва
Дата публикации 1907
Заглавие Отчет ...
Номер тома за 1903-1905 гг.
488 #0 - ДРУГИЕ ВЗАИМОСВЯЗАННЫЕ ПРОИЗВЕДЕНИЯ (ДОКУМЕНТЫ)
Встроенное поле 2001#$aМедицинский отчет Московской Софийской детской больницы за 1897-1905 гг.$vВып. 1
Заглавие Медицинский отчет Московской Софийской детской больницы за 1897-1905 гг.
532 11 - РАСШИРЕННОЕ ЗАГЛАВИЕ
Заглавие Огнестрельные и другие повреждения за декабрь тысяча девятьсот пятого года
532 11 - РАСШИРЕННОЕ ЗАГЛАВИЕ
Заглавие Сметы за тысяча девятьсот третий-тысяча девятьсот пятый гг.
702 #1 - ИМЯ ЛИЦА - ВТОРИЧНАЯ ОТВЕТСТВЕННОСТЬ
Код отношения Составитель
Начальный элемент ввода Горохов
Часть имени, кроме начального элемента ввода Д. Е.
Дополнения к именам, кроме дат детский хирург, обществ. деятель
Даты 1863-1921
Расширение инициалов личного имени Дмитрий Егорович
Системный номер авторитетной/нормативной записи 161558
Идентификатор авторитетной/нормативной записи RU\NLR\AUTH\770161602
801 #0 - ИСТОЧНИК ЗАПИСИ
Страна Российская Федерация
Организация NLR
Правила каталогизации psbo
801 #1 - ИСТОЧНИК ЗАПИСИ
Страна Российская Федерация
Организация ProSoft-M
Источник данных rusmarc
852 ## - МЕСТОНАХОЖДЕНИЕ И ШИФР ХРАНЕНИЯ
Идентификатор организации NLR
Шифр хранения (Call Number) 34.61а.4.61
942 ## - ДОПОЛНИТЕЛЬНЫЕ ЭЛЕМЕНТЫ ЗАПИСИ (АБИС)
Тип экземпляра АБИС Книга
980 ## - КОЛЛЕКЦИЯ
Название коллекции Национальная библиография
Экземпляры
Тип экземпляра Дата поступления Библиотека постоянного хранения Библиотека текущего хранения Место хранения Шифр хранения Штрих-код Статус экземпляра
Книга 26.10.2013 РНБ (Садовая) РНБ (Садовая) Русский книжный фонд -Главное здание, Ленинский читальный зал 34.61а.4.61 4916635-10